000 01286nam a2200229 a 4500
001 22654
003 CO-ViMGA
008 141112s2004 ck r 000 u spa d
040 _aCO-ViMGA
_bspa
_cCO-ViMGA
082 0 4 _a338.6048 B673d
100 1 _aBotero Restrepo, Cecilia
_932277
245 1 0 _aEl derecho antitrus o de la libre competencia en los Estados Unidos
260 _aMedellin :
_bSeñal Editorial,
_c2002
300 _a239
505 _aQUE ES EL DERECHO ANTITRUST EN LOS ESTADOS UNIDOS 27 - 33 - - Marco legal del antitrust 35 - 60 - - La competencia como modelo economico 63 - - Analisis del desempeño, comportamiento y estructura en el derecho antitrust 69 - - Monopolizacion : Monopolizacion por parte de una sola firma, conspiracion para monopolizacion, intento de monopolizacion, colaboracion entre los competidores, discriminacion de precios 71 - 233
590 _aForma de adquisición : Compra - - Precio : 36.000 - - Proveedor : Dismet - - Fecha de adquisición : 2008
650 1 4 _aCOMPETENCIA ECONOMICA - LEGISLACION - ESTADOS UNIDOS
_932278
650 1 4 _aDERECHO ANTITRUST - ESTADOS UNIDOS
_932279
650 1 4 _aESTADOS UNIDOS - COMERCIO EXTERIOR - ASPECTOS JURIDICOS
_932280
650 1 4 _aPRECIOS - LEGISLACION - ESTADOS UNIDOS
_932281
942 _2ddc
_cBK
999 _c30954
_d30954